Los 5 países más cercanos al país mencionado - Estadísticas

Estadísticas generales
  • Esta prueba ha sido intentada 16.522 veces
    16.170 desde el último reinicio
  • La puntuación promedio es 30 de 40
Estadísticas de respuestas
País de comienzo # País % Correcto
Estados Unidos 0 Canadá
100%
Estados Unidos 0 México
100%
Mónaco 0 Francia
91%
Australia 993 Nueva Zelanda
91%
Mónaco 6 Italia
90%
Estados Unidos 93 Cuba
89%
Omán 0 Arabia Saudita
87%
Panamá 0 Colombia
87%
Panamá 0 Costa Rica
86%
Omán 0 Yemen
86%
Mónaco 232 España
84%
Lesoto 0 Sudáfrica
82%
Chipre 43 Turquía
82%
Bután 0 India
81%
Panamá 104 Nicaragua
81%
Bután 0 China
80%
Omán 0 Emiratos Árabes Unidos
80%
Panamá 276 Venezuela
79%
Mónaco 152 Suiza
77%
Panamá 363 Honduras
76%
Bután 42 Nepal
76%
Australia 53 Papúa Nueva Guinea
76%
Estados Unidos 53 Bahamas
74%
Australia 198 Indonesia
74%
Chipre 142 Israel
71%
Estados Unidos 2 Rusia
71%
Lesoto 175 Esuatini
68%
Bután 28 Bangladés
65%
Omán 32 Irán
65%
Chipre 66 Siria
65%
Lesoto 228 Mozambique
64%
Lesoto 267 Botsuana
63%
Lesoto 439 Namibia
63%
Chipre 100 Líbano
62%
Chipre 182 Jordania
61%
Bután 188 Myanmar
58%
Omán 212 Pakistán
56%
Mónaco 248 San Marino
54%
Australia 951 Islas Salomón
52%
Australia 284 Timor Oriental
47%
No se encontraron pruebas coincidentes
Distribución de puntuación
Porcentaje de gente con cada puntuación
Porcentaje por número respondido
Historial de tus puntuaciones
No has intentado esta prueba desde el último reinicio